• 首页
  • 本馆介绍
  • 公告通知
  • 最新文献
  • 馆藏检索
  • 电子资源
  • 读者导购
  • 参考咨询
  • 我的图书馆
  • 登录
  • 详细信息显示
  • 放入我的书架
  • 预约/预借图书
  • 作者相关作品
  • 分类相关作品
  • 丛书相关作品
  • 出版社相关作品

书目信息

  • 表格格式
  • 工作单格式
  • 卡片格式
题名:
全球最美的地方特辑
    
 
作者: ;图行世界编辑部 编著
分册:   德国
出版信息: 北京   中国旅游出版社  2013
页数: 257页
开本: 23cm
丛书名:
单 册:
中图分类: K919.1 , K951.69
科图分类:
主题词: 旅游指南--世界 , 旅游指南--德国
电子资源:
ISBN: 978-7-5032-4474-2
000 00995nam0 2200277 450
001 340060
005 20150604155140.53
010    @a978-7-5032-4474-2@dCNY39.80
100    @a20130208d2013 em y0chiy50 ea
101 0  @achi
102    @aCN@b110000
105    @aa z 000yy
106    @ar
200 1  @a全球最美的地方特辑@Aquan qiu zui mei de di fang te ji@i德国@iGermany@d= The most beautiful places the world@f《图行世界》编辑部编著@zeng
210    @a北京@c中国旅游出版社@d2013
215    @a257页@c彩图@d23cm
300    @a图行世界系列图书 全彩攻略增强版
330    @a本书是一本德国旅游指南, 介绍了德国四季最佳旅行地排行榜、德国最著名的城市、德国最美丽的城堡宫殿、德国最迷人的古老城镇等。
510 1  @aMost beautiful places the world@iGermany@zeng
606 0  @a旅游指南@y世界
606 0  @a旅游指南@y德国
690    @aK919.1@v5
690    @aK951.69@v5
711 02 @a图行世界编辑部@Atu xing shi jie bian ji bu@4编著
801  0 @aCN@b卓展宏图@c20150525
905    @dK919.1@e229@f5
    
    全球最美的地方特辑.德国.Germany= The most beautiful places the world/《图行世界》编辑部编著.-北京:中国旅游出版社,2013
    257页:彩图;23cm
    图行世界系列图书 全彩攻略增强版
    
    ISBN 978-7-5032-4474-2:CNY39.80
    本书是一本德国旅游指南, 介绍了德国四季最佳旅行地排行榜、德国最著名的城市、德国最美丽的城堡宫殿、德国最迷人的古老城镇等。
●
相关链接 在E读中查询图书 在五车中查询图书 在当当中查询图书 在豆瓣中查询图书


正题名:全球最美的地方特辑     索取号:K919.1/229         预约/预借

序号 登录号 条形码 馆藏地/架位号 状态 备注
1 855606   208556061   第二样本阅览室/ [索取号:K919.1/229] 在馆    
2 855607   208556070   第二借阅区/ [索取号:K919.1/229] 在馆    
3 855608   208556089   第二借阅区/ [索取号:K919.1/229] 在馆    
4 855609   208556098   第二借阅区/ [索取号:K919.1/229] 在馆    
5 855610   208556105   密集书库-资源管理系/ [索取号:K919.1/229] 在馆    
唐山师范学院图书馆 欢迎您!
大连网信软件有限公司© 版权所有